|
|
|
|
| LEADER |
00000nam0a2200000 4500 |
| 001 |
41643 |
| 005 |
20231031014558.0 |
| 035 |
|
|
|a (RuTPU)RU\TPU\book\42771
|
| 090 |
|
|
|a 41643
|
| 100 |
|
|
|a 20020626d1967 m y0rusy50 ca
|
| 101 |
0 |
|
|a rus
|
| 102 |
|
|
|a RU
|
| 105 |
|
|
|a a j 001zy
|
| 200 |
1 |
|
|a Краткий курс теоретической механики
|e учебник
|f С. М. Тарг
|
| 205 |
|
|
|a 5-е изд., стереотип.
|
| 210 |
|
|
|a Москва
|c Наука
|d 1967
|
| 215 |
|
|
|a 478 с.
|c ил.
|
| 320 |
|
|
|a Библиогр.: с. 473-478.
|
| 451 |
|
1 |
|0 (RuTPU)RU\TPU\book\55502
|t Краткий курс теоретической механики
|o учебник для втузов
|f С. М. Тарг
|e 7-е изд.
|c М.
|n Наука
|d 1970
|p 478 с.
|a Тарг, Семен Михайлович
|
| 610 |
1 |
|
|a физика
|
| 610 |
1 |
|
|a теоретическая механика
|
| 610 |
1 |
|
|a твердые тела
|
| 610 |
1 |
|
|a статика
|
| 610 |
1 |
|
|a кинематика
|
| 610 |
1 |
|
|a динамика
|
| 610 |
1 |
|
|a учебники
|
| 675 |
|
|
|a 531(07)
|v 3
|
| 700 |
|
1 |
|a Тарг
|b С. М.
|g Семен Михайлович
|
| 801 |
|
1 |
|a RU
|b 63413507
|c 20020626
|g PSBO
|
| 801 |
|
2 |
|a RU
|b 63413507
|c 20210129
|g PSBO
|
| 942 |
|
|
|c BK
|